Deconstructing the Mealth Locus of Control Scale

Bibliographic Details
Main Author: Stainton Rogers, Wendy (Author)
Format: Article
Language:Slovak
English
PhysicalDescription:Tab. 2, lit. 2 zázn. v angl.
ISSN:0039-3320
Subjects:

MARC

LEADER 00000nab a2200000 a 4500
001 vtls000570482
003 SK-MaSNL
005 20260304094449.0
008 250425c1995 xo 0 slo
015 |a SNBRB19rr/mm-uuuuu 
035 |a CL0570620 
035 |a urn:nbn:sk:snk-ab2sog 
035 |a (urnnbn)urn:nbn:sk:snk:ar-a02vsw 
035 |a (uuid)c3b33d4c-8ffb-4df4-990a-196117b65fb9 
040 |a SNKBUCL  |b slo  |c SNKBUCL  |e AACR2 
041 0 |a eng 
044 |a xo  |c SK 
080 |a 159.91:61  |2 1981 
080 |a 61  |2 1981 
100 1 |a Stainton Rogers, Wendy  |4 aut  |9 1382663 
245 1 0 |a Deconstructing the Mealth Locus of Control Scale  |c Wendy Stainton Rogers 
300 |b Tab. 2, lit. 2 zázn. v angl. 
650 0 7 |a zdravie psychické  |2 snkbucl  |9 1368296 
655 7 |a články z novín a časopisov  |2 snkbucl  |9 267496 
773 0 |t Studia psychologica  |g Roč. 37, č. 3 (1995), s. 165-167  |x 0039-3320 
850 |a Slovenská národná knižnica 
852 |a Slovenská národná knižnica 
958 |a article27 
958 |a RK 
958 |a MI 
958 |a OND 
958 |a EUIPO 
992 |a RBX 
999 |c 2827321  |d 2829251